15 największych miast Czech i Słowacji - Statystyki

Ogólne statystyki
  • Ten quiz został rozwiązany 178 razy
  • Średni wynik to 9 z 15
Statystyki odpowiedzi
Ludność Miasto % Poprawnych
478 040 Bratysława
100%
1 384 732 Praga
100%
400 566 Brno
89%
225 044 Koszyce
86%
284 765 Ostrawa
86%
185 599 Pilzno
73%
102 293 Ołomuniec
65%
107 982 Liberec
62%
80 634 Żylina
43%
82 286 Preszów
39%
97 377 Czeskie Budziejowice
38%
93 906 Hradec Králové
36%
76 499 Nitra
32%
92 362 Pardubice
32%
91 342 Uście nad Łabą
15%
Nie znaleziono quizów pasujących do podanych kryteriów
Rozkład punktacji
Procent ludzi z każdym wynikiem
Percentyl według liczby udzielonych odpowiedzi
Twoja historia wyników
Nie rozwiązałeś tego quizu